| 000 | 00582nam a2200181Ia 4500 | ||
|---|---|---|---|
| 008 | 090124s9999 xx 000 0 und d | ||
| 082 |
_b4601 _a226 |
||
| 100 | _aगांधी महात्मा | ||
| 245 | _a संयम कीं स्वैराचार | ||
| 250 | _a1 | ||
| 260 | _c1932 | ||
| 300 | _a130 | ||
| 600 | _aगांधी महात्मा | ||
| 630 | _a संयम कीं स्वैराचार | ||
| 700 | _aगांधी महात्मा | ||
| 730 | _a संयम कीं स्वैराचार | ||
| 942 | _cBOOK | ||
| 999 |
_c118542 _d118542 |
||